| 000 | 00396cam a2200157ua 4500 | ||
|---|---|---|---|
| 003 | OSt | ||
| 008 | 240203b |||||||| |||| 00| 0 eng d | ||
| 041 | _aeng | ||
| 082 |
_a370.15 _bSHA/AD |
||
| 100 |
_aUday, Shanker . _95791 |
||
| 245 | _aAdvanced educational psychology / | ||
| 260 |
_aNew Delhi : _bOxonian Press Pvt Ltd , _c1984. |
||
| 300 | _a608 ; . | ||
| 500 | _a**Reference | ||
| 942 | _cBK | ||
| 999 |
_c7927 _d7927 |
||